000 00539nam a22002057a 4500
003 UA-OsUOA
001 33716
007 ta
008 20050908b un ||||| |||| 00| 0 ukr d
100 _aЦвэтков Г. М.
090 _a327(075.8)
942 _cBK
040 _aUA-OsUOA
_cUA-OsUOA
_dUA-OsUOA
245 _aМижнародни видносини й зовнишня политика в 1917-1945 р.р.
955 _a0
080 _a327(075.8)
020 _a5-325-00836-6
260 _aК.
_bЛибідь
_c1997
650 7 _2UDC
999 _c320168
_d320168